000 00556nam a22001937a 4500
003 KOHA_MİRAKIL
005 20240930101021.0
008 240929b2005 tu ||||| |||| 00| 0 tur d
020 _a975998024X
040 _aTR-AnABB
_btur
_cTR-AnABB
041 _atur
082 _a892.7332
_bELE 2005
100 _ael-etlidi Muhammed b. diyab.
245 0 _aAbbasi geceleri /
_cMuhammed B.Diyab El-Etlidi.
260 _aAnkara :
_bBordo Siyah Klasik Yayınlar,
_c2005.
300 _a208 sayfa ;
_c21 cm.
650 _aMısır edebiyatı, roman
942 _2ddc
_cBK
999 _c2424
_d2424